000 01143cam a2200253 4500
001 WB4011-03
008 040318n2004 000 0 eng u
035 _a(Sirsi) u125469
245 _aNew Scottish fire sprinkler systems' law
260 _c2004
490 _aScottish Executive News Release
_v(SEC432/2004) 18 March 2004 (2)
520 _aCertain types of new and converted building in Scotland such as high rise flats, residential care homes and sheltered housing, will be required by 1 May 2005 to have fire sprinkler systems installed. After forthcoming consultation, regulations will be made under the Building (Scotland) Act 2003. New and improved guidance will also be drawn up in the wake of the Rosepark Home tragedy. http://www.scotland.gov.uk/pages/news/2004/03/SEC4 32.aspx
590 _aWB
590 _aWB
650 _aSPRINKLER SYSTEMS
650 _aFIRE SAFETY
650 _aSCOTLAND
650 _aHIGH RISE FLATS
650 _aRESIDENTIAL CARE HOMES
650 _aBUILDING (SCOTLAND) ACT 2003
650 _aSHELTERED HOUSING
690 _aBUILDING AND CONSTRUCTION-REGULATION AND CONTROL
942 _n0
999 _c117117
_d117117